<?xml version="1.0" encoding="UTF-8"?>
<record
    xmlns:xsi="http://www.w3.org/2001/XMLSchema-instance"
    xsi:schemaLocation="http://www.loc.gov/MARC21/slim http://www.loc.gov/standards/marcxml/schema/MARC21slim.xsd"
    xmlns="http://www.loc.gov/MARC21/slim">

  <leader>00608nam a2200181Ia 4500</leader>
  <controlfield tag="001">22827</controlfield>
  <controlfield tag="003">OSt</controlfield>
  <controlfield tag="005">20160421095930.0</controlfield>
  <controlfield tag="008">140409s9999    xx            000 0 und d</controlfield>
  <datafield tag="040" ind1=" " ind2=" ">
    <subfield code="c">PK-LaUMT</subfield>
  </datafield>
  <datafield tag="082" ind1=" " ind2=" ">
    <subfield code="a">R 297.08203</subfield>
    <subfield code="b">NOO-K</subfield>
  </datafield>
  <datafield tag="100" ind1=" " ind2=" ">
    <subfield code="a">Noor Ahmad (Abu-al-Fazal)</subfield>
  </datafield>
  <datafield tag="245" ind1=" " ind2=" ">
    <subfield code="a">(&#x62E;&#x648;&#x627;&#x62A;&#x6CC;&#x646; &#x627;&#x633;&#x644;&#x627;&#x645;&#x6A9; &#x627;&#x646;&#x633;&#x627;&#x626;&#x6CC;&#x6A9;&#x648;&#x67E;&#x6CC;&#x688;&#x6CC;&#x627;)Khawateen Islamic encyclopedia</subfield>
    <subfield code="c">(&#x646;&#x648;&#x631; &#x627;&#x62D;&#x645;&#x62F;)Noor Ahmad (Abu-al-Fazal)</subfield>
  </datafield>
  <datafield tag="260" ind1=" " ind2=" ">
    <subfield code="a">(&#x6A9;&#x631;&#x627;&#x686;&#x6CC;&#x60C; &#x67E;&#x627;&#x6A9;&#x633;&#x62A;&#x627;&#x646;)Karachi,Pakistan:</subfield>
    <subfield code="b">(&#x627;&#x633;&#x644;&#x627;&#x645;&#x6A9;&#x627; &#x641;&#x627;&#x648;&#x646;&#x688;&#x6CC;&#x634;&#x646;)Islamica Foundation,</subfield>
    <subfield code="c">2002</subfield>
  </datafield>
  <datafield tag="300" ind1=" " ind2=" ">
    <subfield code="a">703 p.</subfield>
  </datafield>
  <datafield tag="546" ind1=" " ind2=" ">
    <subfield code="a">EN</subfield>
  </datafield>
  <datafield tag="942" ind1=" " ind2=" ">
    <subfield code="c">BK</subfield>
    <subfield code="2">ddc</subfield>
  </datafield>
  <datafield tag="999" ind1=" " ind2=" ">
    <subfield code="c">23058</subfield>
    <subfield code="d">23058</subfield>
  </datafield>
  <datafield tag="952" ind1=" " ind2=" ">
    <subfield code="0">0</subfield>
    <subfield code="1">0</subfield>
    <subfield code="2">ddc</subfield>
    <subfield code="4">0</subfield>
    <subfield code="7">0</subfield>
    <subfield code="a">01</subfield>
    <subfield code="b">01</subfield>
    <subfield code="d">2014-04-09</subfield>
    <subfield code="l">0</subfield>
    <subfield code="o">R 297.08203 NOO-K</subfield>
    <subfield code="p">25586</subfield>
    <subfield code="r">2014-04-23 00:00:00</subfield>
    <subfield code="w">2014-04-23</subfield>
    <subfield code="y">REF</subfield>
  </datafield>
  <datafield tag="952" ind1=" " ind2=" ">
    <subfield code="0">0</subfield>
    <subfield code="1">0</subfield>
    <subfield code="2">ddc</subfield>
    <subfield code="4">0</subfield>
    <subfield code="7">0</subfield>
    <subfield code="a">01</subfield>
    <subfield code="b">01</subfield>
    <subfield code="d">2014-06-19</subfield>
    <subfield code="l">0</subfield>
    <subfield code="o">R 297.08203 NOO-K</subfield>
    <subfield code="p">25587</subfield>
    <subfield code="r">2014-06-19 00:00:00</subfield>
    <subfield code="w">2014-06-19</subfield>
    <subfield code="y">REF</subfield>
  </datafield>
  <datafield tag="952" ind1=" " ind2=" ">
    <subfield code="0">0</subfield>
    <subfield code="1">0</subfield>
    <subfield code="2">ddc</subfield>
    <subfield code="4">0</subfield>
    <subfield code="7">0</subfield>
    <subfield code="a">01</subfield>
    <subfield code="b">01</subfield>
    <subfield code="d">2014-06-19</subfield>
    <subfield code="l">0</subfield>
    <subfield code="o">R 297.08203 NOO-K</subfield>
    <subfield code="p">25588</subfield>
    <subfield code="r">2014-06-19 00:00:00</subfield>
    <subfield code="w">2014-06-19</subfield>
    <subfield code="y">REF</subfield>
  </datafield>
  <datafield tag="952" ind1=" " ind2=" ">
    <subfield code="0">0</subfield>
    <subfield code="1">0</subfield>
    <subfield code="2">ddc</subfield>
    <subfield code="4">0</subfield>
    <subfield code="7">0</subfield>
    <subfield code="a">01</subfield>
    <subfield code="b">01</subfield>
    <subfield code="d">2014-06-19</subfield>
    <subfield code="l">1</subfield>
    <subfield code="o">R 297.08203 NOO-K</subfield>
    <subfield code="p">25589</subfield>
    <subfield code="q">2026-05-08</subfield>
    <subfield code="r">2026-01-08 12:32:37</subfield>
    <subfield code="s">2026-01-08</subfield>
    <subfield code="w">2014-06-19</subfield>
    <subfield code="y">REF</subfield>
  </datafield>
</record>
